000 00246nam a2200109Ia 4500
008 240625s9999 xx 000 0 und d
041 _aeng
082 _a658.472 ACH
100 _aACHARYA SEEMA
245 _aBIG DATA AND ANALYTICS
260 _c2015
999 _c40125
_d40125